[Event "Santa Fe Dos Orillas op 12th"]
[Site "Santa Fe"]
[Date "2023.10.14"]
[Round "2"]
[White "Diaz, Carlos Andres"]
[Black "Leitner, Federico"]
[Result "1-0"]
[WhiteElo "2076"]
[BlackElo "1609"]
[PlyCount "61"]
[EventDate "2023.10.13"]
[EventType "swiss"]
[EventRounds "7"]
[EventCountry "ARG"]
[SourceTitle "Mega2024 Update 01"]
[Source "Chessbase"]
[SourceDate "2023.11.12"]
[SourceVersion "1"]
[SourceVersionDate "2023.11.12"]
[SourceQuality "1"]

1. d4 d5 2. c4 e6 3. Nc3 Nf6 4. Bg5 Be7 5. e3 0-0 6. cxd5 exd5 7. Bd3 c6 8. Nge2 Re8 9. Qc2 h6 10. Bh4 Ne4 11. Bxe7 Qxe7 12. Bxe4 dxe4 13. Ng3 f5 14. 0-0 Be6 15. b3 Na6 16. f3 exf3 17. Rxf3 g6 18. Raf1 Nb4 19. Qd2 Nd5 20. e4 Nxc3 21. exf5 Ne4 22. Nxe4 Bxf5 23. Ng3 Kh7 24. Nxf5 gxf5 25. Rxf5 Qe3+ 26. Qxe3 Rxe3 27. Rf7+ Kg6 28. R1f6+ Kg5 29. Rf5+ Kg6 30. h4 h5 31. R5f6# 1-0

[Event "Santa Fe op"]
[Site "Santa Fe"]
[Date "2020.02.09"]
[Round "4"]
[White "Aguero, Raul Alberto"]
[Black "Leitner, Federico"]
[Result "0-1"]
[WhiteElo "1411"]
[BlackElo "1355"]
[PlyCount "88"]
[EventDate "2020.02.08"]
[EventType "swiss"]
[EventRounds "7"]
[EventCountry "ARG"]
[SourceTitle "CBM 195 Extra"]
[Source "ChessBase"]
[SourceDate "2020.05.31"]
[SourceVersion "1"]
[SourceVersionDate "2020.05.31"]
[SourceQuality "1"]

1. e4 c5 2. Nf3 d6 3. d3 Nc6 4. g3 g6 5. Bg2 Bg7 6. c3 Nf6 7. 0-0 0-0 8. Re1 Qc7 9. Nbd2 b5 10. Nf1 Bb7 11. h4 b4 12. d4 bxc3 13. bxc3 cxd4 14. cxd4 Nb4 15. Ba3 a5 16. Bxb4 axb4 17. Ng5 h6 18. Nh3 Nd7 19. Ne3 Qb6 20. Nc2 b3 21. axb3 Rxa1 22. Qxa1 Ra8 23. Qb1 Bxd4 24. Nxd4 Qxd4 25. Rd1 Qb4 26. Rc1 Nc5 27. Rc4 Qxb3 28. Qxb3 Nxb3 29. Rc7 Nc5 30. e5 Bxg2 31. Kxg2 Ne6 32. Rxe7 dxe5 33. Ng1 Kg7 34. Rb7 Ra2 35. Rb4 f5 36. Rb7+ Kf6 37. Rb3 e4 38. Nh3 g5 39. hxg5+ hxg5 40. Re3 Ke5 41. Ng1 f4 42. gxf4+ gxf4 43. Rh3 e3 44. Rh5+ Kd4 0-1

[Event "Santa Fe op"]
[Site "Santa Fe"]
[Date "2020.02.09"]
[Round "3"]
[White "Leitner, Federico"]
[Black "Nardi, Hector Fernando"]
[Result "1-0"]
[WhiteElo "1355"]
[BlackElo "1461"]
[PlyCount "57"]
[EventDate "2020.02.08"]
[EventType "swiss"]
[EventRounds "7"]
[EventCountry "ARG"]
[SourceTitle "CBM 195 Extra"]
[Source "ChessBase"]
[SourceDate "2020.05.31"]
[SourceVersion "1"]
[SourceVersionDate "2020.05.31"]
[SourceQuality "1"]

1. d4 d5 2. Nf3 e6 3. Bf4 Bd6 4. Bxd6 Qxd6 5. e3 Qb4+ 6. Nbd2 Qxb2 7. c4 Qb6 8. cxd5 exd5 9. Rb1 Qd6 10. Ne5 Nf6 11. Bd3 0-0 12. 0-0 Nbd7 13. f4 h6 14. Ndf3 Ne4 15. Nxd7 Qxd7 16. Ne5 Qd6 17. Qc2 f6 18. Bxe4 dxe4 19. Nc4 Qc6 20. Rfd1 Be6 21. Rdc1 Rab8 22. Na5 Qxc2 23. Rxc2 c6 24. Nc4 Bxc4 25. Rxc4 Rfd8 26. Kf2 Kf7 27. Ke2 Rd5 28. Rxc6 bxc6 29. Rxb8 1-0

[Event "Santa Fe op"]
[Site "Santa Fe"]
[Date "2020.02.08"]
[Round "1"]
[White "Hase, Salim"]
[Black "Leitner, Federico"]
[Result "1-0"]
[WhiteElo "1679"]
[BlackElo "1355"]
[PlyCount "65"]
[EventDate "2020.02.08"]
[EventType "swiss"]
[EventRounds "7"]
[EventCountry "ARG"]
[SourceTitle "CBM 195 Extra"]
[Source "ChessBase"]
[SourceDate "2020.05.31"]
[SourceVersion "1"]
[SourceVersionDate "2020.05.31"]
[SourceQuality "1"]

1. e4 e6 2. d4 d5 3. e5 c5 4. c3 Nc6 5. Nf3 Qb6 6. a3 c4 7. Be2 Nge7 8. 0-0 Na5 9. Nbd2 Bd7 10. Rb1 Qc7 11. h4 Nc8 12. Ng5 Nb6 13. Bh5 g6 14. Qf3 Ba4 15. Qf6 Rg8 16. Nxe6 Qe7 17. Qxe7+ Kxe7 18. Nxf8 Bc2 19. Nxh7 Bxb1 20. Nxb1 gxh5 21. Bg5+ Ke6 22. Bf6 Nd7 23. Bg5 Nf8 24. Nf6 Nd7 25. Nxg8 Rxg8 26. Nd2 Nc6 27. Rb1 b5 28. Nf1 f6 29. exf6 Nxf6 30. Ng3 Nh7 31. Re1+ Kf7 32. Nf5 Nxg5 33. Nh6+ 1-0

[Event "Santa Fe op"]
[Site "Santa Fe"]
[Date "2020.02.08"]
[Round "2"]
[White "Leitner, Federico"]
[Black "Decoud, Patricio"]
[Result "0-1"]
[WhiteElo "1355"]
[BlackElo "1520"]
[PlyCount "105"]
[EventDate "2020.02.08"]
[EventType "swiss"]
[EventRounds "7"]
[EventCountry "ARG"]
[SourceTitle "CBM 195 Extra"]
[Source "ChessBase"]
[SourceDate "2020.05.31"]
[SourceVersion "1"]
[SourceVersionDate "2020.05.31"]
[SourceQuality "1"]

1. d4 f5 2. e4 fxe4 3. Nc3 Nf6 4. Bg5 c6 5. Bxf6 exf6 6. Nxe4 Qe7 7. Qe2 d5 8. Ng3 Bg4 9. f3 Be6 10. 0-0-0 Bf7 11. Qd2 Qc7 12. Re1+ Kd8 13. Bd3 a6 14. N1e2 Nd7 15. Kb1 g5 16. c3 Bh6 17. Qc2 Rg8 18. Nc1 Qd6 19. Nge2 Nb6 20. Nb3 a5 21. Nc5 Kc7 22. g3 f5 23. f4 a4 24. Ng1 a3 25. b3 Bg7 26. Nf3 Rge8 27. Nxg5 Bg8 28. Qd2 Nd7 29. Nxd7 Qxd7 30. Re2 Re7 31. Rhe1 b5 32. Qc2 Bf6 33. Nf3 Rxe2 34. Rxe2 Re8 35. b4 Ra8 36. Ne5 Qg7 37. h4 Kd6 38. Re1 Kc7 39. Qe2 Re8 40. Kc2 Bxe5 41. fxe5 Be6 42. Qe3 Qe7 43. Qh6 Rg8 44. Kb3 Kb6 45. Kxa3 Ra8+ 46. Kb2 Ra4 47. a3 Qa7 48. Ra1 Qc7 49. Qf8 Qd7 50. Qc5+ Kb7 51. Bc2 Ra8 52. a4 bxa4 53. Bxa4 0-1

[Event "Malabrigo op"]
[Site "Malabrigo"]
[Date "2019.02.09"]
[Round "3"]
[White "Bustamante, Alejandro"]
[Black "Leitner, Federico"]
[Result "1-0"]
[WhiteElo "1718"]
[BlackElo "1268"]
[PlyCount "103"]
[EventDate "2019.02.09"]
[EventType "swiss"]
[EventRounds "6"]
[EventCountry "ARG"]
[SourceTitle "CBM 189 Extra"]
[Source "ChessBase"]
[SourceDate "2019.06.03"]
[SourceVersion "1"]
[SourceVersionDate "2019.06.03"]
[SourceQuality "1"]

1. d4 Nf6 2. Nf3 g6 3. Bf4 Bg7 4. c3 d6 5. Nbd2 c6 6. Qb3 0-0 7. e4 Qb6 8. Bd3 Qxb3 9. Nxb3 b6 10. 0-0 Nh5 11. Bg5 f6 12. Be3 e5 13. Rad1 Be6 14. Bc2 Nf4 15. dxe5 dxe5 16. Rd6 Re8 17. Rfd1 Bf8 18. R6d2 Na6 19. Bxf4 exf4 20. Nbd4 Bd7 21. Bb3+ Kg7 22. Ne2 Be6 23. Bxe6 Rxe6 24. Rd7+ Be7 25. e5 Nc5 26. Rc7 Na6 27. Rb7 Nc5 28. Nxf4 Nxb7 29. Nxe6+ Kf7 30. Ned4 Rd8 31. Re1 c5 32. Nc6 Re8 33. a3 a6 34. g4 Rc8 35. Nxe7 Kxe7 36. exf6+ Kxf6 37. g5+ Kf7 38. Ne5+ Kg7 39. Nc4 Rc7 40. Nxb6 Nd6 41. Nd5 Rd7 42. Nf6 Rb7 43. Re6 Nf5 44. b4 cxb4 45. cxb4 a5 46. Re4 axb4 47. Rxb4 Ra7 48. a4 h6 49. f4 hxg5 50. fxg5 Nd6 51. Rd4 Ra6 52. Rxd6 1-0

[Event "Villaguay Cup Entre Rios U1600"]
[Site "Villaguay"]
[Date "2017.12.16"]
[Round "3.2"]
[White "Leitner, Federico"]
[Black "Kalala, Daniel"]
[Result "1/2-1/2"]
[WhiteElo "1241"]
[BlackElo "1587"]
[PlyCount "45"]
[EventDate "2017.12.15"]
[EventType "swiss"]
[EventRounds "6"]
[EventCountry "ARG"]
[SourceTitle "EXT 2024"]
[Source "ChessBase"]
[SourceDate "2023.10.10"]
[SourceVersion "1"]
[SourceVersionDate "2023.10.10"]
[SourceQuality "1"]

1. Nf3 Nc6 2. g3 d5 3. Bg2 e5 4. d3 Nf6 5. 0-0 Bc5 6. a3 0-0 7. b4 Bb6 8. c4 dxc4 9. dxc4 Qxd1 10. Rxd1 Bd4 11. Ra2 Be6 12. Nfd2 Rad8 13. Rc2 a6 14. e3 Ba7 15. Nc3 Rd3 16. Nce4 Rfd8 17. Nxf6+ gxf6 18. Be4 Bg4 19. Re1 R3d7 20. c5 f5 21. Bxc6 bxc6 22. f3 Bh5 23. Kf2 1/2-1/2